00843nam a2200253Ia 4500001000700000003000500007008004100012010001100053040000900064082001600073100004800089245010300137260003700240300001100277650004200288901001600330902000600346910000900352942000600361942000700367999001900374952009800393952009800491Z_5865CHAP220113s2007 xx 000 0 und d a169073 cCHAP a636.4085 M4 aMejía Guadarrama, César Augusto9143390 aAlimentación del hato reproductor porcino /cCésar Augusto Mejía Guadarrama /cy otros /c aMéxico, D.F. :bINIFAP,c2007 a215 p. a!. Ganado porcinoxNutrición945390 a636.4085 M4 aA a2007 c1 cc1 c169073d169073 00102ddc40708GRALaZbZc1d2009-11-04pz_5771r2022-01-18 00:00:00t1w2022-01-18yLIBRO 00102ddc40708GRALaZbZc1d2009-11-04pz_5772r2022-01-18 00:00:00t2w2022-01-18yLIBRO